[Event "Titled Tue 11th Mar Early"]
[Site "chess.com INT"]
[Date "2025.03.11"]
[Round "7"]
[White "Nakamura,Hi"]
[Black "Shankland,S"]
[Result "1-0"]
[WhiteElo "2802"]
[BlackElo "2670"]

1.b3 e5 2.Bb2 Nc6 3.c4 Nf6 4.e3 g6 5.Nc3 Bg7 6.Nf3 O-O 7.d3 d5 8.cxd5 Nxd5
9.Rc1 a5 10.Be2 Bg4 11.a3 Nxc3 12.Bxc3 Qe7 13.Ra1 Rfd8 14.Qc2 Rd7 15.h3 Bxf3
16.Bxf3 Rad8 17.Be2 e4 18.d4 h5 19.O-O Rd5 20.b4 Rg5 21.b5 Rdd5 22.bxc6 Rxg2+
23.Kxg2 Rg5+ 24.Kh1 Qe6 25.Bg4 hxg4 26.cxb7 Qf5 27.b8=Q+ Bf8 28.Qe2 Rh5 29.Qxc7 Rxh3+
30.Kg2 Qh5 31.Rh1  1-0

[Event "Titled Tue 11th Mar Early"]
[Site "chess.com INT"]
[Date "2025.03.11"]
[Round "8"]
[White "Lazavik,Denis"]
[Black "Nakamura,Hi"]
[Result "1/2-1/2"]
[WhiteElo "2572"]
[BlackElo "2802"]

1.d4 e6 2.c4 b6 3.e4 Bb7 4.Bd3 Bb4+ 5.Kf1 Be7 6.Nc3 d6 7.Nf3 Nf6 8.g3 O-O
9.Kg2 Nfd7 10.Re1 Nc6 11.Be3 Bf6 12.Bc2 Re8 13.Rc1 Nb4 14.Bb1 c5 15.d5 Ne5
16.a3 Na6 17.Nd2 Nc7 18.Kg1 a6 19.f4 Ng6 20.Nf3 b5 21.b3 exd5 22.exd5 Bc8
23.Kg2 Rb8 24.Qd2 bxc4 25.bxc4 Rb3 26.Ne4 Bf5 27.Bf2 Bb2 28.Rcd1 Bxa3 29.Qa2 Rxb1
30.Qxb1 Bb4 31.Re2 h5 32.Be1 a5 33.Bxb4 cxb4 34.Rde1 h4 35.Qa1 h3+ 36.Kf2 Bxe4
37.Rxe4 Rxe4 38.Rxe4 Na6 39.Qe1 Kf8 40.Ng5 Ne7 41.Nh7+ Ke8 42.Qa1 Nc5 43.Re3 f6
44.Qd1 Qd7 45.Qh5+ Kd8 46.Nf8 Qf5 47.Qh8 Qc2+ 48.Kf3 Qd1+ 49.Kf2 Qc2+ 50.Re2 Ne4+
51.Kf3 Qd3+ 52.Re3 Qd1+ 53.Re2 Qd3+ 54.Re3 Qf1+ 55.Kxe4 Qxc4+ 56.Kf3 Qxd5+
57.Kg4 Qf5+ 58.Kf3 Qd5+ 59.Ke2 Qg2+ 60.Ke1 Qh1+ 61.Kd2 Qd5+ 62.Rd3 Qg2+ 63.Kc1 Qf1+
64.Rd1 Qc4+ 65.Kd2 Qd4+ 66.Ke2 Qe4+ 67.Kf2 Qg2+ 68.Ke1 Qg1+ 69.Ke2 Qg2+ 70.Kd3 Qf3+
71.Kd2 Qc3+ 72.Ke2 Qc2+ 73.Rd2 Qe4+ 74.Kf2 Qg2+ 75.Ke1 Qe4+ 76.Re2 Qh1+ 77.Kd2 Qd5+
78.Kc1 Qc5+ 79.Rc2 Qe3+ 80.Kb2 Qa3+ 81.Kb1 Qb3+ 82.Kc1 Qe3+ 83.Rd2 Qc3+ 84.Kd1 Qf3+
85.Re2 Qd3+ 86.Ke1 Qc3+ 87.Kf1 Qf3+ 88.Ke1 Qh1+ 89.Kd2 Qd5+ 90.Kc1 Qc4+ 91.Rc2 Qf1+
92.Kb2 b3 93.Ne6+ Kd7 94.Nf8+ Ke8 95.Ng6+ Kf7 96.Qf8+ Kxg6 97.Qe8+ Kh6 98.Qh8+ Kg6
99.Qe8+ Kh6 100.Rd2 Nf5 101.Qh8+ Kg6 102.Qe8+ Kh7 103.Qh5+ Nh6 104.Qd5 a4
105.Qxd6 Qc4 106.Qd3+ Qxd3 107.Rxd3 Ng4 108.Rd2 Kg6 109.Ka3 Ne3 110.Kxa4 Kf5
111.Kxb3 Kg4 112.Kc3 Kf3 113.Kd3 Ng4 114.f5 Nxh2 115.Rxh2 Kxg3 116.Rh1 Kg2
117.Ke2 Kxh1 118.Kf1 Kh2 119.Kf2 Kh1 120.Kf1 Kh2 121.Kf2 Kh1 122.Kf1  1/2-1/2

[Event "Titled Tue 11th Mar Early"]
[Site "chess.com INT"]
[Date "2025.03.11"]
[Round "9"]
[White "Nakamura,Hi"]
[Black "Praggnanandhaa,R"]
[Result "0-1"]
[WhiteElo "2802"]
[BlackElo "2758"]

1.b3 Nf6 2.Bb2 g6 3.Nf3 Bg7 4.d4 O-O 5.e3 b6 6.Be2 Bb7 7.O-O c5 8.c4 cxd4
9.Nxd4 d6 10.Nc3 Nbd7 11.Qc2 Rc8 12.Rac1 a6 13.Rfd1 Rc7 14.Bf3 Qa8 15.Qe2 Rfc8
16.Bxb7 Qxb7 17.Nf3 Nc5 18.Nd2 d5 19.Nxd5 Nxd5 20.Bxg7 Kxg7 21.cxd5 Qxd5
22.Nf3 Qb7 23.h4 Ne4 24.Rxc7 Rxc7 25.Qb2+ Nf6 26.h5 Qe4 27.hxg6 hxg6 28.Qd4 b5
29.Qa1 Rc2 30.Nd4 Rc8 31.Ne2 Kg8 32.Rc1 Rc2 33.Rxc2 Qxc2 34.Nd4 Qd2 35.Nf3 Qc2
36.Nd4 Qd3 37.Qc1 Kg7 38.f3 Nd5 39.Kf2 Nc3 40.Qc2 Qxc2+ 41.Nxc2 Nxa2 42.b4 f5
43.Ke2 Kf6 44.Kd3 Ke5 45.e4 fxe4+ 46.fxe4 Kf4 47.Kd4 e5+ 48.Kd5 Nc3+ 49.Kc6 Kxe4
50.Kb6 Kd3 51.Ne1+ Ke2 52.Nc2 e4 53.Kc5 Kd3 54.Ne1+ Kd2  0-1

[Event "Titled Tue 11th Mar Early"]
[Site "chess.com INT"]
[Date "2025.03.11"]
[Round "10"]
[White "Bjerre,Jonas Buhl"]
[Black "Nakamura,Hi"]
[Result "0-1"]
[WhiteElo "2637"]
[BlackElo "2802"]

1.e4 c5 2.Nf3 Nc6 3.Nc3 Nf6 4.d4 cxd4 5.Nxd4 d6 6.Bg5 g6 7.Bxf6 exf6 8.Bb5 Bd7
9.O-O Bg7 10.Nb3 Be6 11.Nd5 O-O 12.c3 a6 13.Be2 Re8 14.Re1 h5 15.Nf4 Qc7
16.Nxe6 fxe6 17.f4 Rad8 18.f5 d5 19.fxg6 dxe4 20.Qc2 f5 21.Bxh5 Nb4 22.Qf2 Nd3
23.Qh4 Qb6+ 24.Kf1 Bf6 25.Qg3 f4  0-1

[Event "Titled Tue 11th Mar Early"]
[Site "chess.com INT"]
[Date "2025.03.11"]
[Round "11"]
[White "Nakamura,Hi"]
[Black "Bluebaum,M"]
[Result "1/2-1/2"]
[WhiteElo "2802"]
[BlackElo "2643"]

1.b3 d5 2.Bb2 e6 3.c4 Nf6 4.Nf3 Bd6 5.g3 O-O 6.Bg2 Nc6 7.O-O d4 8.e3 e5 9.exd4 Nxd4
10.Nxd4 exd4 11.d3 c5 12.Nd2 Bg4 13.Qc2 Qd7 14.b4 Rac8 15.bxc5 Bxc5 16.Nb3 b6
17.Rfe1 Bh3 18.Bxh3 Qxh3 19.Bxd4 Bxd4 20.Nxd4 Rfd8 21.Nb3 h5 22.Rad1 h4 23.Qe2 Ng4
24.f3 Re8 25.Qxe8+ Rxe8 26.Rxe8+ Kh7 27.fxg4 hxg3 28.Rd2 Qxg4 29.Ree2 gxh2+
30.Kxh2 f5 31.Kh1 f4 32.Rg2 Qd7 33.Rdf2 Qd6 34.Nd2 Kg8 35.Ne4 Qxd3 36.Rxf4 Qd1+
37.Kh2 Qh5+ 38.Kg3 Qd1 39.Rg4 Qd3+ 40.Kh2 Kf8 41.Rf4+ Ke8 42.Rxg7 Qe2+ 43.Rg2 Qh5+
44.Kg3 Qe5 45.Re2 Qg7+ 46.Kf3 Kd8 47.Ng3 Qc3+ 48.Kg2 Qc1 49.Rfe4 Kc7 50.Kf2 Kc6
51.Nf1 Qg5 52.Nd2 Qf6+ 53.Nf3 Qa1 54.Re5 Kd6 55.Rd5+ Kc6 56.Nd4+ Kb7 57.c5 bxc5
58.Nf3 Kc6 59.Rde5 c4 60.Rc2 Kd6 61.Re4 Kd5 62.Rexc4 a5 63.Rc5+ Ke6 64.Re5+ Kd6
65.Rxa5 Qb1 66.Rd2+ Kc6 67.Re5 Qb6+ 68.Re3 Qb8 69.Rc2+ Kd5 70.Rd3+ Ke4 71.Re3+ Kf5
72.Nd4+ Kf6 73.Rf3+ Kg5 74.Ne6+ Kg6 75.Nf4+ Kg5 76.Kg2 Qa8 77.Ne6+ Kg4 78.Rc4+ Kh5
79.Kg3 Qg8+ 80.Kf4 Qg4+ 81.Ke5 Qxc4 82.Rf5+ Kg6 83.Rf6+ Kh7 84.Rf4 Qxa2 85.Kf6 Qb2+
86.Kf7 Qb7+ 87.Kf6 Qb2+ 88.Nd4 Qh2 89.Ne6 Qxf4+ 90.Nxf4  1/2-1/2

[Event "American Cup Champ"]
[Site "Saint Louis USA"]
[Date "2025.03.16"]
[Round "1.3"]
[White "Nakamura,Hi"]
[Black "Mishra,Abhimanyu"]
[Result "0-1"]
[WhiteElo "2802"]
[BlackElo "2600"]

1.Nf3 Nf6 2.g3 d5 3.Bg2 e6 4.O-O Be7 5.b3 O-O 6.e3 c5 7.Bb2 Nc6 8.c4 d4 9.exd4 cxd4
10.Re1 Rb8 11.Na3 Bc5 12.Nc2 b6 13.d3 Bb7 14.a3 a5 15.Rb1 Re8 16.Bc1 e5 17.b4 axb4
18.axb4 Bd6 19.Bg5 h6 20.Bxf6 Qxf6 21.Nd2 Qe7 22.b5 Nb4 23.Nxb4 Bxb4 24.Bxb7 Bxd2
25.Qxd2 Qxb7 26.Qe2 Ra8 27.Ra1 Rxa1 28.Rxa1 e4 29.dxe4 Rxe4 30.Qd3 g6 31.Qd2 h5
32.h4 Qe7 33.Kg2 Qb7 34.Kg1 Qe7 35.Rd1 Kh7 36.Kg2 Qb7 37.Kh2 Qc7 38.Qd3 Rxh4+
39.Kg2 Rg4 40.Re1 Qb7+ 41.Kh2 h4 42.Kh3 Rg5 43.g4 f5 44.f3 fxg4+ 45.fxg4 Qf7
46.Qe4 Rc5 47.Qxd4 Rxc4 48.Re7 Qxe7 49.Qxc4 g5 50.Qc2+ Kg7 51.Qc3+ Qf6 52.Qc7+ Kg6
53.Qc6 Kf7 54.Qc7+ Ke8 55.Qc8+ Qd8 56.Qe6+ Kf8 57.Qh6+ Kf7 58.Qh7+ Ke6 59.Qf5+ Kd6
60.Qd3+ Kc7 61.Qc3+ Kb8 62.Qe3 Qc7 63.Kg2 Qc2+ 64.Kg1 Qc5  0-1

[Event "American Cup Champ"]
[Site "Saint Louis USA"]
[Date "2025.03.16"]
[Round "1.4"]
[White "Mishra,Abhimanyu"]
[Black "Nakamura,Hi"]
[Result "0-1"]
[WhiteElo "2600"]
[BlackElo "2802"]

1.e4 g6 2.d4 Bg7 3.Nc3 a6 4.Be3 d6 5.Qd2 Nd7 6.h4 h6 7.O-O-O b5 8.f3 Ngf6
9.g4 Nb6 10.d5 Bb7 11.Nh3 c5 12.dxc6 Bxc6 13.Bd4 Qc7 14.g5 hxg5 15.hxg5 Nh5
16.Nf4 Bxd4 17.Qxd4 O-O-O 18.Nxh5 gxh5 19.a4 bxa4 20.Bxa6+ Kb8 21.Qb4 Ka7
22.Qa5 Na8 23.Qxc7+ Nxc7 24.Bc4 e6 25.Rh4 Ne8 26.Ne2 Ng7 27.Ng3 Rc8 28.Rxd6 Kb6
29.Bd5 Kc5 30.Rxc6+ Rxc6 31.Bxc6 Kxc6 32.f4 Rd8 33.f5 e5 34.c3 Kc5 35.Kc2 Rg8
36.Nf1 Rh8 37.Nd2 Ne8 38.Nf3 Kd6 39.Rh1 f6 40.g6 Ke7 41.Nh4 Nd6 42.Re1 Rb8
43.Nf3 Nc4 44.Rb1 a3 45.b3 Ne3+ 46.Kd3 Ng4 47.Nd2 h4 48.Rh1 Nf2+  0-1

[Event "American Cup Champ"]
[Site "Saint Louis USA"]
[Date "2025.03.16"]
[Round "1.1"]
[White "Nakamura,Hi"]
[Black "Mishra,Abhimanyu"]
[Result "1/2-1/2"]
[WhiteElo "2802"]
[BlackElo "2600"]

1.d4 Nf6 2.c4 e6 3.Nf3 d5 4.g3 Be7 5.Bg2 O-O 6.O-O dxc4 7.Qc2 a6 8.a4 Bd7
9.Qxc4 Bc6 10.Bf4 Bd6 11.Nc3 Bxf4 12.gxf4 a5 13.e3 Na6 14.Kh1 Nb4 15.Qe2 Qe7
16.Nb5 Bxf3 17.Bxf3 c6 18.Na3 Ne8 19.Nc2 Nxc2 20.Qxc2 f5 21.Qb3 Nf6 22.Rac1 Nd5
23.Rg1 Rf7 24.Rc5 Kh8 25.Qd1 Qf6 26.Qf1 Rc7 27.Qg2 b6 28.Rc4 Rac8 29.Rgc1 Qe7
30.h3 Nb4 31.Be2 Na2 32.Rd1 Nb4 33.b3 Nd5 34.Rcc1 Nb4 35.Bc4 Na2 36.Ra1 Nb4
37.Rg1 Rd8 38.Kh2 Qf6 39.Be2 Rdc8 40.Rad1 Nd5 41.Ba6 Rd8 42.Rc1 Nb4 43.Be2 Rdc8
44.Rc4 Qe7 45.Bf3 Kg8 46.Rcc1 Qf6 47.Be2 Kh8 48.Bc4 Nd5 49.Qg3 Rd8 50.h4 Qf7
51.Be2 Rdc8 52.Ba6 Ra8 53.Be2 Rac8 54.h5 Nf6 55.Qh4 Qe7 56.Kg2 Nd5 57.Qxe7 Rxe7
58.Bf3 Rec7 59.Bxd5 cxd5 60.Rb1 Kg8 61.b4 Rc4 62.bxa5 bxa5 63.Kf3 Rb4 64.Rxb4 axb4
65.h6 g6 66.Rb1 Rb8 67.Ke2 b3 68.Kd3 Ra8 69.Rxb3 Rxa4 70.Rb7 Ra2 71.Rg7+ Kh8
72.Re7 Kg8 73.Rxe6 Rxf2 74.Re8+ Kf7 75.Rh8 Kf6 76.Rxh7 g5 77.fxg5+ Kxg5 78.Rd7 Kxh6
79.Rxd5 Kg6 80.Re5 Ra2 81.e4 fxe4+ 82.Rxe4 Kf5 83.Re8 Ra4 84.Kc3 Kf6 85.d5 Kf7
86.Re2 Kf6 87.Re1 Kf7 88.Re6 Rh4 89.Re2 Ra4 90.Re1 Rh4 91.Re5 Ra4 92.Re1 Rh4
93.Re6 Ra4 94.Re1 Rh4  1/2-1/2

[Event "American Cup Champ"]
[Site "Saint Louis USA"]
[Date "2025.03.16"]
[Round "1.2"]
[White "Mishra,Abhimanyu"]
[Black "Nakamura,Hi"]
[Result "1/2-1/2"]
[WhiteElo "2600"]
[BlackElo "2802"]

1.e4 c5 2.Nf3 g6 3.c3 d5 4.exd5 Qxd5 5.d4 Bg7 6.Na3 cxd4 7.Nb5 Na6 8.Nbxd4 Nf6
9.Bb5+ Bd7 10.Bxa6 bxa6 11.O-O O-O 12.Re1 Rfe8 13.Ne5 Red8 14.Qb3 Be8 15.h3 e6
16.Bf4 a5 17.Qxd5 Nxd5 18.Bg3 Rac8 19.Re2 a4 20.a3 Nb6 21.Rae1 a6 22.f4 Nd5
23.Bh2 Bf8 24.Kh1 Bd6 25.g4 Bb8 26.f5 f6 27.Nef3 e5 28.Ne6 Rd6 29.Nd2 Bc6
30.Ne4 Nc7 31.Nd4 Bb7 32.Kg1 Bxe4 33.Rxe4 Ba7 34.Kh1 Rcd8 35.fxg6 hxg6 36.Nf3 Rd3
37.Kg2 Nd5 38.g5 Rf8 39.gxf6 Rxf6 40.Nxe5 Rf2+ 41.Kh1 Rxh3 42.Ng4 Rxb2 43.Rd1 Ne3
44.Rd7 Kf8 45.Rd8+ Kf7 46.Rd7+ Kf8 47.Rd8+ Kf7 48.Rd7+ Kf8 49.Rd8+  1/2-1/2

[Event "American Cup Champ"]
[Site "Saint Louis USA"]
[Date "2025.03.16"]
[Round "1.5"]
[White "Mishra,Abhimanyu"]
[Black "Nakamura,Hi"]
[Result "1/2-1/2"]
[WhiteElo "2600"]
[BlackElo "2802"]

1.e4 e5 2.Nf3 Nc6 3.Bc4 Nf6 4.d3 h6 5.O-O Bc5 6.c3 d6 7.Nbd2 O-O 8.Re1 Bb6
9.b4 Ne7 10.Bb3 a6 11.a4 Ng6 12.Nf1 Be6 13.Be3 Bxe3 14.Nxe3 Re8 15.Bxe6 Rxe6
16.Qb3 Qd7 17.g3 Rd8 18.b5 d5 19.exd5 Nxd5 20.Nxd5 Qxd5 21.Qxd5 Rxd5 22.bxa6 Rxa6
23.d4 exd4 24.Nxd4 Rc5 25.Re3 Ne5 26.Kg2 g6 27.Rae1 Nc6 28.Nb5 Na7 29.Nd4 Nc6
30.Nb5 Na7 31.Nd4 Nc6 32.Nb5  1/2-1/2

[Event "American Cup Champ"]
[Site "Saint Louis USA"]
[Date "2025.03.16"]
[Round "1.6"]
[White "Nakamura,Hi"]
[Black "Mishra,Abhimanyu"]
[Result "1-0"]
[WhiteElo "2802"]
[BlackElo "2600"]

1.Nf3 Nf6 2.g3 d5 3.Bg2 e6 4.O-O Be7 5.b3 O-O 6.Bb2 c5 7.e3 Nc6 8.Qe2 b6
9.c4 Bb7 10.Rd1 dxc4 11.bxc4 Qc7 12.d3 Rfd8 13.Nc3 a6 14.Rab1 Rab8 15.Ne1 Nb4
16.a3 Bxg2 17.Nxg2 Nc6 18.Ba1 Rb7 19.f4 Rdb8 20.a4 Nb4 21.g4 Qc6 22.g5 Ne8
23.Rd2 Rd8 24.Ne1 Rbd7 25.Rbd1 Nd6 26.Nf3 f6 27.e4 Nf7 28.h4 Rd6 29.gxf6 gxf6
30.Kh2 Kf8 31.e5 R6d7 32.d4 f5 33.d5 Qc8 34.d6 Nh6 35.dxe7+ Kxe7 36.Rd6 Nf7
37.Rxd7+ Rxd7 38.Bb2 Nh6 39.Bc1 Ng4+ 40.Kg1 h6 41.Rxd7+ Qxd7 42.Qd2 Nd3 43.Nd5+ exd5
44.Qxd3 dxc4 45.Qxd7+ Kxd7 46.Ba3 Ne3 47.a5 Nc2 48.axb6 Nxa3 49.e6+ Kd6 50.b7  1-0

[Event "American Cup Champ"]
[Site "Saint Louis USA"]
[Date "2025.03.18"]
[Round "2.1"]
[White "Nakamura,Hi"]
[Black "Dominguez Perez,L"]
[Result "1/2-1/2"]
[WhiteElo "2802"]
[BlackElo "2741"]

1.d4 Nf6 2.c4 e6 3.Nf3 d5 4.g3 Be7 5.Bg2 O-O 6.Nc3 Nbd7 7.Qd3 b6 8.cxd5 Nxd5
9.O-O Bb7 10.Rd1 Nxc3 11.bxc3 Nf6 12.Ne5 Bxg2 13.Kxg2 c5 14.Qf3 Qd5 15.Bg5 Qxf3+
16.Kxf3 Rfc8 17.e4 cxd4 18.cxd4 Nd5 19.h4 Bxg5 20.hxg5 Nb4 21.Rd2 Rc3+ 22.Kg2 Nc6
23.Nxc6 Rxc6 24.d5 exd5 25.Rxd5 h6 26.gxh6 Rxh6 27.Rc1 Re8 28.Rc7 Rxe4 29.Rd8+ Kh7
30.Rxf7 a5 31.Rff8 Rc6 32.Rh8+ Kg6 33.Rd2 Rec4 34.Rb8 Rc2 35.Rxc2 Rxc2 36.Rxb6+ Kf7
37.a4 Rc4 38.Ra6 Rxa4 39.f4 g5 40.fxg5 Rg4 41.Rxa5 Kg6 42.Kf3 Rxg5 43.Rxg5+ Kxg5
44.g4 Kg6 45.Kf4 Kf6 46.g5+ Kg6 47.Kg4 Kg7 48.Kh5 Kh7 49.g6+ Kg7 50.Kg5 Kg8
51.Kh6 Kh8 52.g7+ Kg8 53.Kg6  1/2-1/2

[Event "American Cup Champ"]
[Site "Saint Louis USA"]
[Date "2025.03.18"]
[Round "2.2"]
[White "Dominguez Perez,L"]
[Black "Nakamura,Hi"]
[Result "0-1"]
[WhiteElo "2741"]
[BlackElo "2802"]

1.e4 e5 2.Nf3 Nc6 3.Bc4 Nf6 4.d3 Be7 5.O-O O-O 6.Re1 d6 7.a4 Be6 8.Bxe6 fxe6
9.c3 d5 10.Nbd2 Nd7 11.a5 a6 12.h3 Kh8 13.Qc2 Qe8 14.Nh2 d4 15.Nb3 Nc5 16.Nxc5 Bxc5
17.c4 b6 18.axb6 cxb6 19.Bd2 a5 20.Rf1 Ra7 21.Qd1 Raf7 22.Qe2 Rf6 23.Bg5 R6f7
24.Bd2 h6 25.g3 Rf6 26.Kg2 Qg6 27.Ng4 R6f7 28.Rad1 h5 29.Nh2 Be7 30.Ra1 Nb8
31.Rad1 Kg8 32.Ra1 Na6 33.Rab1 Bb4 34.Bxb4 axb4 35.Ra1 Nc5 36.Qd1 h4 37.g4 Qg5
38.Qc2 Qf4 39.b3 Kh7 40.Ra2 Qg5 41.Qd1 Rf4 42.Re1 Qf6 43.Ree2 Rf7 44.Reb2 Qd8
45.Rb1 Nd7 46.Qe1 Qf8 47.Rbb2 Nc5 48.Qd1 g5 49.f3 Kg6 50.Rb1 Rc7 51.Qd2 Rff7
52.Kf2 Ra7 53.Ke2 Nxd3 54.Rxa7 Nf4+ 55.Qxf4 d3+ 56.Kxd3 exf4 57.Rxf7 Kxf7
58.Nf1 Qc5 59.Nd2 Qe3+ 60.Kc2 Kf6 61.Rb2 Ke5 62.Ra2 Kd4 63.Ra8 Qc3+ 64.Kd1 Kd3
65.Rd8+ Ke3 66.e5 Qxe5 67.Kc2 Qc3+ 68.Kd1 e5 69.Rd5 e4 70.fxe4 f3 71.e5 f2
72.Nf1+ Kf3  0-1

[Event "American Cup Champ"]
[Site "Saint Louis USA"]
[Date "2025.03.19"]
[Round "3.1"]
[White "Nakamura,Hi"]
[Black "Caruana,F"]
[Result "1/2-1/2"]
[WhiteElo "2802"]
[BlackElo "2783"]

1.d4 d5 2.c4 e6 3.Nf3 Nf6 4.g3 dxc4 5.Bg2 Nc6 6.Qa4 Bb4+ 7.Bd2 Bd6 8.O-O O-O
9.Bc3 a6 10.Qxc4 b5 11.Qxc6 Bd7 12.Qb7 Rb8 13.Qxa6 Ra8 14.Qb7 Rb8 15.Qa7 Ra8
16.Qb7 Rb8 17.Qa7 Ra8 18.Qb7 Rb8  1/2-1/2

[Event "American Cup Champ"]
[Site "Saint Louis USA"]
[Date "2025.03.20"]
[Round "3.2"]
[White "Caruana,F"]
[Black "Nakamura,Hi"]
[Result "1/2-1/2"]
[WhiteElo "2783"]
[BlackElo "2802"]

1.e4 e5 2.Nf3 Nc6 3.Bc4 Nf6 4.d3 Be7 5.Nc3 d6 6.a3 O-O 7.Be3 Be6 8.Nd5 Bd7
9.h4 Nxd5 10.Bxd5 Be6 11.Bxe6 fxe6 12.Ng5 Qd7 13.Qg4 Bxg5 14.hxg5 g6 15.c3 a5
16.b3 b5 17.d4 a4 18.b4 d5 19.Rd1 Rad8 20.O-O exd4 21.Bxd4 e5 22.Qxd7 Rxd7
23.Bc5 Rfd8 24.exd5 Rxd5 25.Rc1 Rd3 26.c4 bxc4 27.b5 Nd4 28.Rxc4 Rc3 29.Rxc3 Ne2+
30.Kh2 Nxc3 31.Rc1 Nxb5 32.Rc4 Rd5 33.Be3 Nxa3 34.Rxa4 Nb5 35.Ra8+ Kf7 36.Rh8 Kg7
37.Re8 c5 38.Rc8 Nd4 39.Rc7+ Kg8 40.Kg3 Nf5+ 41.Kf3 e4+ 42.Kxe4 Nxe3 43.f4 Rd2
44.Kxe3 Rxg2 45.Rxc5 Rg1 46.Rc8+ Kg7 47.Rc7+ Kg8 48.Rc8+ Kg7 49.Rc7+ Kg8
50.Rc8+  1/2-1/2

[Event "American Cup Champ"]
[Site "Saint Louis USA"]
[Date "2025.03.20"]
[Round "3.4"]
[White "Nakamura,Hi"]
[Black "Caruana,F"]
[Result "1/2-1/2"]
[WhiteElo "2802"]
[BlackElo "2783"]

1.e4 c5 2.Nf3 d6 3.d4 cxd4 4.Nxd4 Nf6 5.Nc3 a6 6.a4 b6 7.Be2 Bb7 8.Bf3 Nbd7
9.Nd5 e5 10.Nxf6+ Nxf6 11.Nf5 Nxe4 12.O-O Qd7 13.Ne3 d5 14.c4 d4 15.Nd5 Bxd5
16.cxd5 Nf6 17.Re1 Bd6 18.Bf4 Qe7 19.Bxe5 Bxe5 20.d6 Qxd6 21.Bxa8 O-O 22.Bf3 d3
23.Re3 Rd8 24.Ra3 d2 25.Rad3 Qxd3 26.Rxd3 Rxd3 27.Qc2 Rd8 28.g3 g6 29.b4 a5
30.bxa5 bxa5 31.Be2 Kg7 32.h4 h5 33.Kf1 Rd4 34.Bd1 Bd6 35.Qc3 Rd5 36.Kg2 Bb4
37.Qf3 Re5 38.Qd3 Re1 39.Bb3 Re7 40.Qc4 Ne4 41.Qd4+ Kh7 42.Bc2 Nc5 43.Bd1 Rd7
44.Qc4 Ne6 45.Qc6 Rc7 46.Qe4 Rc1 47.Qf3 Kg7 48.Qe2 Bc3 49.Bb3 Re1 50.Qd3 Bb4
51.Qd7 Re4 52.Qd5 Re2 53.Bc4 Re1 54.Bb3 Kg8 55.Qd7 Re4 56.Qc6 Re2 57.Qd7 Re5
58.Qd3 Kg7 59.Qd7 Re2 60.Qd3 Re1 61.Qd7 Re4 62.Qc6 Nc5 63.Bd1 Re1 64.Qf3 Kg8
65.Bc2 Rc1 66.Bd1 Kg7 67.Qe2 Nd3 68.Bb3 Ne1+ 69.Kh3 Rc5 70.Qe7 Rf5 71.Qe2 Nf3
72.Qe3 Rf6 73.Bd1 Ne1 74.Qd4 Be7 75.Qxd2 Bb4 76.Qd4 Be7 77.Qc3 Bb4 78.Qd4 Be7
79.Qc3  1/2-1/2

[Event "American Cup Champ"]
[Site "Saint Louis USA"]
[Date "2025.03.20"]
[Round "3.3"]
[White "Caruana,F"]
[Black "Nakamura,Hi"]
[Result "0-1"]
[WhiteElo "2783"]
[BlackElo "2802"]

1.e4 e5 2.Nf3 Nc6 3.Bc4 Nf6 4.d3 Be7 5.Nc3 d6 6.a3 O-O 7.Be3 Be6 8.Nd5 Qc8
9.Bb3 Bd8 10.O-O Bxd5 11.exd5 Ne7 12.c4 Nf5 13.Bd2 c6 14.dxc6 Qxc6 15.Rc1 Bb6
16.Ba4 Qc7 17.b4 a5 18.Bg5 axb4 19.Bxf6 gxf6 20.c5 dxc5 21.axb4 Qd6 22.b5 Rfd8
23.Nd2 Nd4 24.Nc4 Qe6 25.Re1 Bc7 26.Re3 Kh8 27.Kh1 b6 28.Rh3 Rg8 29.Qh5 Qf5
30.Qxf5 Nxf5 31.Bd1 Nd4 32.Rb1 Ra2 33.Kg1 Rga8 34.Kf1 Ra1 35.Rxa1 Rxa1 36.Ke1 Nxb5
37.Kd2 Nd4 38.Rh6 b5 39.Nb2 Ba5+ 40.Ke3 Nf5+  0-1

[Event "American Cup Champ"]
[Site "Saint Louis USA"]
[Date "2025.03.22"]
[Round "4.1"]
[White "Nakamura,Hi"]
[Black "Caruana,F"]
[Result "1-0"]
[WhiteElo "2802"]
[BlackElo "2783"]

1.d4 d5 2.c4 e6 3.Nf3 Nf6 4.g3 dxc4 5.Bg2 a6 6.O-O Nc6 7.Nbd2 b5 8.b3 c3
9.Nb1 b4 10.a3 Bb7 11.Ne5 c2 12.Bxc6+ Bxc6 13.Qxc2 Be4 14.Qb2 Bb7 15.axb4 Bxb4
16.Bd2 c5 17.Nd3 Qd5 18.f3 Bxd2 19.Nxd2 Qxd4+ 20.Qxd4 cxd4 21.Rfc1 O-O 22.Ra4 Rfd8
23.Rc7 Rd7 24.Rxd7 Nxd7 25.Rxd4 Bc6 26.Nc4 a5 27.Kf2 Kf8 28.Rd6 Bb5 29.Na3 Bxd3
30.Rxd7 Ba6 31.Rd6 Ke7 32.Rc6 Kf6 33.Rc5 Bb7 34.e4 a4 35.b4 Rd8 36.Ke2 g5
37.Rc4 h5 38.b5 g4 39.f4 e5 40.f5 h4 41.Rxa4 hxg3 42.hxg3 Rh8 43.Nb1 Rh2+
44.Kd1 Rh1+ 45.Kc2 Re1 46.Nc3 Re3 47.Nd5+ Bxd5 48.exd5 Rxg3 49.b6 Rg2+ 50.Kc3 Rg3+
51.Kc4  1-0

[Event "American Cup Champ"]
[Site "Saint Louis USA"]
[Date "2025.03.23"]
[Round "4.2"]
[White "Caruana,F"]
[Black "Nakamura,Hi"]
[Result "1/2-1/2"]
[WhiteElo "2783"]
[BlackElo "2802"]

1.d4 d5 2.c4 c5 3.cxd5 Nf6 4.Nc3 Nxd5 5.Nf3 cxd4 6.Qxd4 Nxc3 7.Qxc3 Nc6 8.e4 a6
9.Be3 Bg4 10.Rd1 Qa5 11.Qxa5 Nxa5 12.Be2 e6 13.Ne5 Bb4+ 14.Bd2 Bxd2+ 15.Rxd2 Bxe2
16.Kxe2 f6 17.b4 fxe5 18.bxa5 Rc8 19.Rb1 Rc7 20.Kf3 Rf8+ 21.Kg3 Rff7 22.Rdb2 Rfe7
23.Kg4 Kf7 24.h4 Kf6 25.Kh5 h6 26.Rb3 g6+ 27.Kg4 h5+ 28.Kg3 Rc5 29.Rxb7 Rxb7
30.Rxb7 Rxa5 31.Rb2 Ra3+ 32.f3 a5 33.Kh3 a4 34.Rc2 Rd3 35.Rc4 Ra3 36.Rc2 Rd3
37.Rc4 Ra3 38.Rc2  1/2-1/2

[Event "American Cup Blitz 2025"]
[Site "Saint Louis USA"]
[Date "2025.03.24"]
[Round "1.1"]
[White "Nakamura,Hi"]
[Black "Yip,Carissa"]
[Result "1-0"]
[WhiteElo "2802"]
[BlackElo "2408"]

1.e4 e5 2.Bc4 Nc6 3.d3 Nf6 4.Nc3 Na5 5.Qf3 c6 6.Nge2 d6 7.h3 h6 8.O-O g5
9.Qe3 h5 10.Bb3 Bh6 11.d4 g4 12.Qd3 gxh3 13.g3 Nxb3 14.axb3 Qe7 15.Bxh6 Rxh6
16.f3 Rg6 17.Kh2 Bd7 18.Rg1 a6 19.Na4 O-O-O 20.Qc3 Kb8 21.Nb6 Rdg8 22.dxe5 dxe5
23.Rad1 Bc8 24.Nc4 Nd7 25.b4 Qf6 26.Nd6 Qe7 27.Nf5 Qe8 28.Qe3 Nf6 29.Nh4 R6g7
30.Qc5 Nd7 31.Qd6+ Ka8 32.c4 Nf8 33.b5 cxb5 34.Nc3 b4 35.Nd5 Qc6 36.Nb6+ Ka7
37.Qxc6 bxc6 38.Nxc8+ Kb8 39.Ne7 Rh8 40.Nxc6+  1-0

[Event "American Cup Blitz 2025"]
[Site "Saint Louis USA"]
[Date "2025.03.24"]
[Round "2.1"]
[White "Mishra,Abhimanyu"]
[Black "Nakamura,Hi"]
[Result "0-1"]
[WhiteElo "2600"]
[BlackElo "2802"]

1.e4 e5 2.Nf3 Nc6 3.Bc4 Nf6 4.d3 h6 5.O-O Bc5 6.c3 d6 7.Nbd2 Bb6 8.b4 O-O
9.Bb3 a6 10.Nc4 Ba7 11.Be3 Bxe3 12.Nxe3 Ng4 13.a4 Ne7 14.h3 Nxe3 15.fxe3 Ng6
16.b5 Kh7 17.Bd5 Ra7 18.d4 Qe7 19.Qb3 axb5 20.axb5 Rxa1 21.Rxa1 f5 22.exf5 Bxf5
23.Rf1 Bd3 24.Rf2 e4 25.Nd2 Rxf2 26.Kxf2 Qh4+ 27.g3 Qxh3 28.Bxe4 Bxe4 29.Nxe4 Qf5+
30.Ke2 Qxe4 31.Qf7 Qc2+ 32.Kf3 Qxc3 33.Qd5 c6 34.Qxd6 cxb5 35.Kf2 b4 36.d5 b3  0-1

[Event "American Cup Blitz 2025"]
[Site "Saint Louis USA"]
[Date "2025.03.24"]
[Round "3.1"]
[White "Nakamura,Hi"]
[Black "Nyzhnyk,I"]
[Result "1-0"]
[WhiteElo "2802"]
[BlackElo "2569"]

1.e4 e5 2.Bc4 Nf6 3.d3 Nc6 4.Nc3 Na5 5.Qf3 Nxc4 6.dxc4 d6 7.Nge2 Be6 8.b3 Nd7
9.Qg3 g6 10.h4 h5 11.Be3 Bg7 12.O-O-O O-O 13.f3 a5 14.a4 Qe8 15.Nb5 Rc8 16.Nec3 f5
17.Bg5 Nc5 18.Rhe1 fxe4 19.Nxe4 Nxe4 20.Rxe4 b6 21.Qe1 Qf7 22.Qd2 Bf5 23.Ree1 e4
24.Re3 Rfe8 25.Rde1 Re6 26.g4  1-0

[Event "American Cup Blitz 2025"]
[Site "Saint Louis USA"]
[Date "2025.03.24"]
[Round "4.2"]
[White "So,W"]
[Black "Nakamura,Hi"]
[Result "1/2-1/2"]
[WhiteElo "2748"]
[BlackElo "2802"]

1.e4 e5 2.Nf3 Nc6 3.Bb5 Nge7 4.O-O Ng6 5.d4 exd4 6.Nxd4 Nxd4 7.Qxd4 c6 8.Be2 Qb6
9.Qc3 Qb4 10.Qd3 Be7 11.Nc3 O-O 12.a3 Qd6 13.Qxd6 Bxd6 14.Be3 Nf4 15.Rad1 Nxe2+
16.Nxe2 Be7 17.Bf4 Re8 18.Ng3 Bf6 19.b3 d5 20.exd5 cxd5 21.Rxd5 Be6 22.Rd2 Red8
23.Ne4 Rxd2 24.Nxf6+ gxf6 25.Bxd2 Kg7 26.f3 Rc8 27.Rc1 Bf5 28.c4 Rd8 29.Bc3 h5
30.Kf2 Kg6 31.h3 a6 32.a4 Rd7 33.a5 Rd8 34.Ke3 Rd3+ 35.Ke2 Rd8 36.Bd2 Re8+
37.Be3 Rd8 38.Rc3 Rd7 39.b4 Rc7 40.Bd4 Be6 41.Bc5 Rc8 42.Ke3 Rc7 43.Kf4 Rc8
44.g4 hxg4 45.fxg4 Rc7 46.h4 Rc8 47.h5+ Kh7 48.Bd4 Rxc4 49.Rxc4 Bxc4 50.Bxf6 Be2
51.Bd4 Bd1 52.Kf5 Be2 53.Be3 Bd1 54.Kg5 Be2 55.Kf5 Bd1 56.h6 Be2 57.g5 Bc4
58.Kf6 Kg8 59.Bd2 Bb3 60.Ke7 Bd5 61.Kd6 Bg2 62.Be3 Bf3 63.Bf4 Bg2 64.Be3 Bf3  1/2-1/2

[Event "American Cup Blitz 2025"]
[Site "Saint Louis USA"]
[Date "2025.03.24"]
[Round "5.1"]
[White "Nakamura,Hi"]
[Black "Aryan,C"]
[Result "1-0"]
[WhiteElo "2802"]
[BlackElo "2620"]

1.e4 d6 2.d4 Nf6 3.Nc3 e5 4.Nf3 Nbd7 5.Bc4 Be7 6.O-O O-O 7.a4 c6 8.Re1 h6
9.a5 Re8 10.h3 Qc7 11.d5 b5 12.dxc6 bxc4 13.cxd7 Bxd7 14.Nh2 a6 15.Nf1 Be6
16.Be3 Qc6 17.Bb6 Bd8 18.Bxd8 Rexd8 19.Qf3 Rab8 20.Ra2 Rb7 21.Ne3 Rdb8 22.Rb1 Qc5
23.Kh2 Qc7 24.Qd1 Qc6 25.f3 Rd7 26.Qe1 Rdb7 27.Qd2 h5 28.h4 g6 29.Rd1 Rd8
30.Qe2 Qc5 31.Qe1 Qc6 32.Rd2 Kg7 33.Qg3 Qc5 34.Qf2 Qc6 35.Qg3 Qc5 36.Ned1 Rdb8
37.Ra1 Qc6 38.Na4 Rb5 39.Nb6 Rd8 40.Qf2 Nd7 41.Nxd7 Rxd7 42.Qg3 f6 43.Qf2 d5
44.Nc3 Rxb2 45.exd5 Bxd5 46.Rad1 Be6 47.Rxd7+ Bxd7 48.Ne4 Bf5 49.Nd6 Qd7
50.Qc5 Kh7 51.Ne4 Qxd1 52.Qe7+ Kh6 53.Qf8+  1-0

[Event "American Cup Blitz 2025"]
[Site "Saint Louis USA"]
[Date "2025.03.24"]
[Round "6.1"]
[White "Robson,R"]
[Black "Nakamura,Hi"]
[Result "0-1"]
[WhiteElo "2689"]
[BlackElo "2802"]

1.e4 e5 2.Nc3 Nc6 3.Bc4 Nf6 4.d3 Na5 5.Bb3 Bc5 6.f4 d6 7.Qf3 Qe7 8.f5 h6
9.Be3 Bxe3 10.Qxe3 c6 11.Nf3 b5 12.O-O a6 13.Kh1 Bb7 14.Ne2 c5 15.Ng3 O-O
16.c3 Rfe8 17.Rae1 Rad8 18.c4 bxc4 19.dxc4 Rb8 20.Ba4 Bc6 21.Qc3 Rb4 22.Bxc6 Nxc6
23.b3 a5 24.Nd2 a4 25.h3 Reb8 26.Rb1 axb3 27.axb3 Nd4 28.Rfe1 Qb7 29.Re3 Ra8
30.Kh2 Kh7 31.Rd3 Ra2 32.Re3 Qa8 33.Rd3 Rc2 34.Qa1 Qxa1 35.Rxa1 Rxd2 36.Rxd2 Nxb3
37.Rad1 Nxd2 38.Rxd2 Rxc4 39.Rxd6 Nxe4 40.Nxe4 Rxe4 41.Rd7 f6 42.g4 h5 43.Kg3 hxg4
44.hxg4 Kh6 45.Rc7 Rc4 46.Kh4 Rc1 47.Kg3 c4 48.Rc8 Kg5 49.Rg8 Rc3+  0-1